As a Counsellor, the Pastor are Responsible in Communicating the Gospel Effectively to the Drug Addicts for the Transformation of Society of Lamka With the Gospel | (Record no. 8311)

MARC details
000 -LEADER
fixed length control field 00710nam a22001937a 4500
003 - CONTROL NUMBER IDENTIFIER
control field GBCCL
005 - DATE AND TIME OF LATEST TRANSACTION
control field 20241126110647.0
008 - FIXED-LENGTH DATA ELEMENTS--GENERAL INFORMATION
fixed length control field 191119b ||||| |||| 00| 0 eng d
040 ## - CATALOGING SOURCE
Transcribing agency GBC
082 ## - DEWEY DECIMAL CLASSIFICATION NUMBER
Classification number ARCH GBC-2019
Item number GOM
100 ## - MAIN ENTRY--PERSONAL NAME
Personal name Gominthang
9 (RLIN) 14437
245 ## - TITLE STATEMENT
Title As a Counsellor, the Pastor are Responsible in Communicating the Gospel Effectively to the Drug Addicts for the Transformation of Society of Lamka With the Gospel |
Statement of responsibility, etc. Gominthang
260 ## - PUBLICATION, DISTRIBUTION, ETC.
Place of publication, distribution, etc. New Lamka:
Name of publisher, distributor, etc. Grace Bible College,
Date of publication, distribution, etc. 2019
300 ## - PHYSICAL DESCRIPTION
Extent xv + 56 p ;
Dimensions 21 cm x 29 cm
650 ## - SUBJECT ADDED ENTRY--TOPICAL TERM
Topical term or geographic name entry element Pastoral Ministry
9 (RLIN) 6748
650 ## - SUBJECT ADDED ENTRY--TOPICAL TERM
Topical term or geographic name entry element Counsellor
Form subdivision Drugs
General subdivision Transformation of Society
9 (RLIN) 14438
651 ## - SUBJECT ADDED ENTRY--GEOGRAPHIC NAME
Geographic subdivision Lamka
-- Churachandpur
9 (RLIN) 14448
942 ## - ADDED ENTRY ELEMENTS (KOHA)
Source of classification or shelving scheme Dewey Decimal Classification
Koha item type Thesis
Holdings
Withdrawn status Lost status Source of classification or shelving scheme Damaged status Not for loan Home library Current Library Shelving location Date acquired Total checkouts Full call number Barcode Date last seen Copy number Price effective from Koha item type
    Dewey Decimal Classification     GRACE BIBLE COLLEGE GRACE BIBLE COLLEGE Archives 2019-11-19   ARCH GBC-2019 GOM 025165 2025-05-01 c.1 2019-11-19 Thesis
© Grace Bible College Library 2025